Регионална библиотека "Любен Каравелов" - Русе

Следи по водата (Запис номер 179746)

MARC детайли
000 -Лидер
Контролно поле с фиксирана дължина 01698nam a2200481 c 4500
003 - Код на организацията, давaща контролен номер
Контролно поле BLK
005 - Дата и час на последна редакция
Контролно поле 20230802135339.0
008 - Елементи от данни с фиксирана дължина
fixed length control field 180411b bul|||||r ||||||| ||bul||
010 ## - Наследен системен номер
LC control number KNG00188551000
020 ## - Международен стандартен номер на книга ISBN
Международен стандартен номер на книга ISBN 978-954-337-301-7
040 ## - Източник на каталожния запис
Идентификатор на билиотеката - собственик на записа BLK
041 ## - Код за език
Код за езика на текст/звукозапис или на отделно заглавие Български
Код за езика КДБФ Български
072 #7 - Код за тематичната категория
Код организация bullib
Код за тематична категория Н79
Текст Спорт Н
072 #7 - Код за тематичната категория
Код организация bullib
Код за тематична категория Я
Текст Автографи
072 #7 - Код за тематичната категория
Код организация bullib
Код за тематична категория К
Текст Краезнание
072 #7 - Код за тематичната категория
Код организация bullib
Код за тематична категория РА
Текст Русенски автори
080 ## - УДК
Текстов определител УДК Водно-моторен спорт
УДК код - определител по УДК 797.15
УДК определител (497.215)(091)
УДК - код + определител 797.15(497.215)(091)
100 ## - Редна дума - Автор
Автор Недков, Александър Георгиев
Дати, свързани с автора 1946-
R(LIN) 304267
139 ## - Редно поле
Редна дума Недков, Александър Георгиев
Авторски знак Недк - Н 45
245 10 - Сведения за заглавието
Заглавие Следи по водата
Подзаглавни данни Бълг. присъствие и принос във водомоторния спорт
Редно поле (дума) Александър Георгиев Недков.
257 ## - Страна на издаване
Страна на създаване/издаване България
260 ## - Област на издателските данни
Име на издателя, разпространителя и проч. Авангард принт
Година на издаване 2016
300 ## - Физическа характеристика
Страници 290 с.
Размери/Мащаб 23 см
380 ## - Жанр
Жанр 793/799 Спорт
500 ## - Общи забележки
Забележка Библиогр. с. 286-287.
650 #4 - Допълнително описание по предмет – тема
Основно описание – тема или топоним Воден транспорт - България
9 (RLIN) 322023
651 #4 - Допълнително описание по предмет - топоним
Географско понятие Русе
9 (RLIN) 179462
651 #4 - Допълнително описание по предмет - топоним
Географско понятие България
9 (RLIN) 241624
653 ## - Ключова дума – ненормативна
Ключова дума водомоторен спорт
653 ## - Ключова дума – ненормативна
Ключова дума история
659 ## - Тематичен бюлетин
Тематичен бюлетин К
659 ## - Тематичен бюлетин
Тематичен бюлетин Н
659 ## - Тематичен бюлетин
Тематичен бюлетин Я
852 ## - Местоположение
Форматна сигнатура Цб 281083
852 ## - Местоположение
Форматна сигнатура К 796/799/Н 45 А
856 4# - Електронен адрес и достъп
Електронен формат pdf - файл
856 4# - Електронен адрес и достъп
Електронен формат pdf - файл
999 ## - СИСТЕМНИ КОНТРОЛНИ НОМЕРА
Koha biblionumber 179746
Koha biblioitemnumber 179746
942 ## - АРТИКУЛИ
Вид на библиотечния материал Книги
Скрит в OPAC Не
Периодичен библиозапис Да
944 ## - СЪЗДАВАНЕ И РЕДАКЦИЯ на ЗАПИСА
Създаване/Редакция Създаване
Дата на регистрацията/редакция 20.06.2016
Статус, дата на статуса Теодора Пейчева-Дянкова
Служител, извършил регистрацията/редакцията 30556
944 ## - СЪЗДАВАНЕ И РЕДАКЦИЯ на ЗАПИСА
Създаване/Редакция Редакция
Дата на регистрацията/редакция 09.06.2017
Статус, дата на статуса ф /
Служител, извършил регистрацията/редакцията Пенка_Димитрова
999 ## - СИСТЕМНИ КОНТРОЛНИ НОМЕРА
Koha biblioitemnumber 179746
999 ## - СИСТЕМНИ КОНТРОЛНИ НОМЕРА
Koha biblioitemnumber 179746
Наличности
Код за отписване Код за изгубен артикул Код за повреда Коз за рестрикции Код за отдаване Артикулен № Име на библиотеката - собственик Име на библиотеката, в която се намира в момента Статус (Текущо местоположение) Дата на вписване в системата Местоположение - отдел Цена в лева Номерация (Хронология) Инвентарен номер Систематично азбучна сигнатура Баркод Номер на екземпляра Цена в евро Служебна бележка Служебен тип на артикула Източник на класификационната схема
  Не е изгубен Не е повреден без рестрикции ползва се в читалня 308158 Регионална библиотека "Любен Каравелов" Русе Регионална библиотека "Любен Каравелов" Русе Хранилище 2016-06-18 Основен фонд - ползва се само за читалня 18.00 Автограф: Александър Недков 120000801210 Цб 281083 120000801210 1 9.20 Дост: DA Вид: А N: 21 Дата: 18.06.2016 Книги  
  Не е изгубен Не е повреден без рестрикции ползва се в читалня 308159 Регионална библиотека "Любен Каравелов" Русе Регионална библиотека "Любен Каравелов" Русе Краезнание 2016-06-18 Краезнание 18.00 Автограф: Александър Недков 120000801211 К 796/799/Н 45 А 120000801211 2 9.20 Дост: DA Вид: А N: 21 Дата: 18.06.2016 Дата инв: 06.11.2017 Бележки инв: К2017 Книги Universal Decimal Classification
  Не е изгубен Не е повреден без рестрикции ползва се в читалня 308160 Регионална библиотека "Любен Каравелов" Русе Регионална библиотека "Любен Каравелов" Русе Хранилище 2017-06-09 Хранилище 18.00   120000812109 Цб 281083 120000812109 3 9.20 Дост: Dp Вид: Д N: 19 Дата: 11.04.2017 Книги  
Vip Innovations Ltd, Rousse, Bulgaria 2025